[Event "Kesan op"]
[Site "Kesan"]
[Date "2022.08.04"]
[Round "5"]
[White "Turan, Asim"]
[Black "Giray, Arda"]
[Result "1/2-1/2"]
[WhiteElo "1968"]
[BlackElo "1245"]
[PlyCount "103"]
[EventDate "2022.08.02"]
[EventType "swiss"]
[EventRounds "9"]
[EventCountry "TUR"]
[SourceTitle "CBM 209 Extra"]
[Source "ChessBase"]
[SourceDate "2022.09.30"]
[SourceVersion "1"]
[SourceVersionDate "2022.09.30"]
[SourceQuality "1"]

1. d4 Nf6 2. c4 c5 3. d5 b5 4. cxb5 a6 5. bxa6 g6 6. Nc3 Bxa6 7. e4 Bxf1 8. Kxf1 d6 9. g3 Bg7 10. Kg2 0-0 11. Nf3 Nbd7 12. Qe2 Qa5 13. Bd2 Rfb8 14. Rab1 Ne8 15. Rhc1 Nc7 16. Qe3 Nb5 17. a3 Ne5 18. Nxb5 Qxb5 19. Nxe5 Bxe5 20. Bc3 Bxc3 21. Rxc3 Ra4 22. h4 Rc4 23. Qd3 Rxc3 24. Qxc3 Qe2 25. Re1 Qxb2 26. Qa5 Qd4 27. Re3 Rb1 28. h5 Qd1 29. Qd8+ Kg7 30. h6+ Kxh6 31. Qf8+ Kh5 32. g4+ Qxg4+ 33. Rg3 Qxe4+ 34. Rf3 Rg1+ 35. Kxg1 Qxf3 36. Qxe7 Qxd5 37. Qe3 g5 38. f4 Kg6 39. fxg5 c4 40. Kf2 Qf5+ 41. Ke2 Qc2+ 42. Kf3 c3 43. Qd4 Qf5+ 44. Ke2 Qb5+ 45. Qd3+ Qf5 46. a4 c2 47. Qxf5+ Kxf5 48. Kd2 c1Q+ 49. Kxc1 Ke4 50. Kc2 Kd4 51. Kb3 d5 52. Kb4 1/2-1/2